Direccion de marketing/ (Registro nro. 9175)
[ vista simple ]
| 000 -LEADER | |
|---|---|
| fixed length control field | 02270nam a2200217Ia 4500 |
| 005 - FECHA Y HORA DE LA ÚLTIMA TRANSACCIÓN | |
| control field | 20230907090926.0 |
| 008 - FIXED-LENGTH DATA ELEMENTS--GENERAL INFORMATION | |
| fixed length control field | 230906s9999 xx 000 0 und d |
| 020 ## - INTERNATIONAL STANDARD BOOK NUMBER | |
| International Standard Book Number | 9702607639 |
| 040 ## - CATALOGING SOURCE | |
| Original cataloging agency | UPAN |
| Transcribing agency | Biblioteca San Vicente |
| Description conventions | RCAA2 |
| 041 ## - LANGUAGE CODE | |
| Language code of text/sound track or separate title | spa |
| 082 ## - DEWEY DECIMAL CLASSIFICATION NUMBER | |
| Classification number | 658.8 |
| Item number | K684d |
| año de publicación | 2006 |
| 100 ## - MAIN ENTRY--PERSONAL NAME | |
| Personal name | Klotler, Philip |
| Relator code | aut. |
| 245 #0 - TITLE STATEMENT | |
| Title | Direccion de marketing/ |
| Remainder of title | Philip Kotler |
| 250 ## - EDITION STATEMENT | |
| Edition statement | 12 ed, |
| 260 ## - PUBLICATION, DISTRIBUTION, ETC. (IMPRINT) | |
| Place of publication, distribution, etc | Mexico: |
| Name of publisher, distributor, etc | Pearson, |
| Date of publication, distribution, etc | 2006 |
| 300 ## - PHYSICAL DESCRIPTION | |
| Extent | 753 p.; |
| Dimensions | 27 cm. |
| 505 ## - FORMATTED CONTENTS NOTE | |
| Formatted contents note | Parte 1. La dirección de marketing<br/>1. El marketing en el siglo XXI<br/>2. Desarrollo de estrategias y planes de marketing<br/>Parte 2. identificación de las oportunidades de mercado<br/>3. Recopilación de información y análisis del entorno<br/>4. Investigación de mercados y pronostico de la demanda<br/>Parte 3. Relacion con clientes o consumidores<br/>5. Creación de valor para el cliente, satisfacción y lealtad<br/>6. Anàlisis de los mercados de consumo<br/>7. Anàlisis de los mercados industriales<br/>8. Identificación de segmentos y selección del segmento meta<br/>Parte 4. Creación de marcas fuertes<br/>9. El brand equity<br/>10. Estrategias de posicionamiento de marcas<br/>11. Las relaciones con la competencia<br/>Parte 5. La definición de las ofertas de mercado<br/>12. Desarrollo de la estrategia de producto<br/>13. Diseño y administración de servicios<br/>14. Desarrollo de programas y estrategias de precios<br/>Parte 6. La entrega de valor<br/>15. Diseño y administración de los canales de marketing y de las cadenas de valor<br/>16. Administración de la venta minorista, de la venta mayorista y de la logística del mercado<br/>Parte 7. La comunicación del valor<br/>17. Diseño y administración de estrategias para la comunicación integral de marketing<br/>18. Administración de programas de comunicación masiva: publicidad, promociones de ventas, eventos y relaciones públicas <br/>19. Administración de programas de comunicación personal: el marketing directo y la venta personal <br/>Parte 8. La generación de crecimiento rentable a largo plazo<br/>20. Lanzamiento de nuevas ofertas de mercado<br/>21. El lanzamiento de ofertas en mercados extranjeros<br/>22. La dirección de marketing holístico en la empresa |
| 650 ## - SUBJECT ADDED ENTRY--TOPICAL TERM | |
| Source of heading or term | LEMB |
| Topical term or geographic name as entry element | Administración |
| General subdivision | Mercadeo |
| 700 ## - ADDED ENTRY--PERSONAL NAME | |
| Personal name | Kevin Lane Keller |
| Relator code | col. |
| 942 ## - ADDED ENTRY ELEMENTS (KOHA) | |
| Koha item type | Libros |
| Source of classification or shelving scheme | Dewey Decimal Classification |
| Withdrawn status | Lost status | Source of classification or shelving scheme | Damaged status | Not for loan | Collection code | Home library | Current library | Date acquired | Total Checkouts | Full call number | Barcode | Date last seen | Copy number | Price effective from | Koha item type |
|---|---|---|---|---|---|---|---|---|---|---|---|---|---|---|---|
| Dewey Decimal Classification | Colección General | Biblioteca UPAN San Vicente | Biblioteca UPAN San Vicente | 06/09/2023 | 658.8 K684d | 12002483 | 06/09/2023 | 01 | 06/09/2023 | Libros | |||||
| Dewey Decimal Classification | Colección General | Biblioteca UPAN San Vicente | Biblioteca UPAN San Vicente | 06/09/2023 | 658.8 K684d | 12002417 | 07/09/2023 | 02 | 06/09/2023 | Libros |